Sitka Rocky Gutierrez Airport Destinations (Sitka, AK, USA) - Statistics

General Stats
  • This quiz has been taken 17 times
    11 since last reset
  • The average score is 3 of 13
Answer Stats
Airline Destination % Correct
Air Excursions/Alaska Airlines/Alaska Seaplanes Juneau
100%
Alaska Airlines Seattle/Tacoma
67%
Alaska Airlines Ketchikan
56%
Alaska Seaplanes Skagway
22%
Alaska Seaplanes Pelican
11%
Alaska Seaplanes Angoon
0%
Alaska Seaplanes Elfin Cove
0%
Alaska Seaplanes Gustavus
0%
Alaska Seaplanes Haines
0%
Alaska Seaplanes Hoonah
0%
Air Excursions/Alaska Seaplanes Kake
0%
Air Excursions/Alaska Seaplanes Klawock
0%
Alaska Seaplanes Tenakee Springs
0%
No matching quizzes found
Score Distribution
Percent of People with Each Score
Percentile by Number Answered
Your Score History
You have not taken this quiz since the last reset